Statistieken voor Hoofdsteden per Letter - S

Klik hier om de quiz te nemen!

Algemene statistieken

  • Deze quiz is 435 keer genomen
  • De gemiddelde score is 13 van 18

Antwoordstatistieken

LandHoofdstad% Correct
ChiliSantiago
90%
ZwedenStockholm
89%
San MarinoSan Marino
85%
Bosnië en HerzegovinaSarajevo
81%
Zuid-KoreaSeoel
74%
BulgarijeSofia
73%
Costa RicaSan José
72%
BoliviaSucre
72%
Noord-MacedoniëSkopje
71%
El SalvadorSan Salvador
70%
SingaporeSingapore
69%
Dominicaanse RepubliekSanto Domingo
65%
FijiSuva
63%
JemenSanaa
61%
Sao Tomé en PrincipeSao Tomé
57%
GrenadaSaint George's
54%
Antigua en BarbudaSaint John's
52%
Sri LankaSri Jayewardenapura Kotte
50%

Scoreverdeling

Percentiel versus Aantal Correcte Antwoorden

Procent van Mensen met Elke Score

Uw Scoregeschiedenis

U heeft deze quiz nog niet genomen